Statistics for Odd One Out: Animals and Insects

Click here to take the quiz!

General Stats

  • This quiz has been taken 56 times
  • The average score is 8 of 15

Answer Stats

QuestionAnswer% Correct
... Cat?Lincoln
76%
... Horse?Gharial
69%
Which is not a type of... TigerCanvasback
67%
... Bear?Lion-Tailed
67%
... Beetle?Buckfast
57%
... Frog?Holland
55%
... Ant?Javan
52%
... Parrot?Mountain
48%
... Kangaroo?Tasmanian
45%
... Dog?Irrawaddy
43%
... Lion?Pharaoh
40%
... Hedgehog?Bowhead
38%
... Butterfly?Flemish Giant
38%
... Giraffe?Merino
38%
... Camel?West Indian
29%

Score Distribution

Percentile by Number Answered

Percent of People with Each Score

Your Score History

You have not taken this quiz